000 00561nam a2200217Ia 4500
005 20251020182453.0
008 200515s9999 xx 000 0 und d
020 _a84-283-2431-X
082 _a621.778/M57
100 _aMilán Díaz, César
245 0 _aGas : Supuestos prácticos para la obtención del Carnet Profesional de Instalador Autorizado de Gas IG-II
260 _aMadrid
260 _bParaninfo
260 _c1988
300 _a200 p.
300 _btbl., graf.
500 _a1 ejemplar
650 _aGAS
942 _cLIB
999 _c926
_d926